000 01534nam a2200325 c 4500
999 _c60036
_d60036
003 BLK
005 20220421150309.0
008 180408b bul|||||r ||||||| ||bul||
010 _aKNG00064166000
040 _aBLK
041 _aBUL
_cBUL
080 _aРакетна техника. Ракети
_b629.76
_z629.76
080 _aКосмическа техника. Космонавтика
_b629.78
_z629.78
100 1 _aМихайлов, Владимир Павлович
_eпърви автор
_9289538
139 _aМихайлов, Владимир Павлович и др.
_bМ 74
245 1 0 _aВъведение в ракетно-космическата техника
_bМоногр.
_cВладимир Павлович Михайлов; съавт. Георги Аспарухов.
257 _aBGR
260 _bТехника
_c1982
_fВраца : В. Александров
_aСофия
300 _a228 с.
_bс ил., 4 л. ил., портр.
_c24 см
380 _a62
500 _aВторият авт. е известен като Георги Аспарухов. - Кн. е съвместен труд на бълг. и съв. авт.
504 _aБиблиогр. с. 224-225
650 4 _aКосмонавтика
_9159547
700 1 _aАспарухов, Георги
_eсъавт.
_gАврамов, Георги Аспарухов
_9289539
852 _aЦб 117062
_bЦб
856 4 _qpdf
856 4 _qpdf
942 _cKNG
_n0
_s1
944 _aCR
_c13.06.2004
_kГеновева_Генчева
944 _aED
_c01.07.2008
944 _aED
_c2022-04-21
999 _d60036